Landlord and tenant

Bibliographic Details
Main Author: Lye Lin Heng
Format: Book
Published: Singapore : Butterworths , 1990
Subjects:

MARC

LEADER 00000cam a2200000 7i4500
001 0000003498
005 20150619.0
020 |a 0409995347 
040 |a INS 
090 0 0 |a KF6125.71.   |b L93 1990 
100 0 |a Lye Lin Heng 
245 1 0 |a Landlord and tenant   |c Lye Lin Heng 
260 |a Singapore :   |b Butterworths ,   |c 1990 
300 |a xxxixp :   |b 415p ;   |c 21cm. 
650 0 |a Leases   |z Singapore 
650 0 0 |a Landlord and tenant   |z Singapore 
999 |a 0000021867   |b BOOK   |c Open Shelf   |e Default branch